<?xml version="1.0" encoding="UTF-8"?>
<record
    xmlns:xsi="http://www.w3.org/2001/XMLSchema-instance"
    xsi:schemaLocation="http://www.loc.gov/MARC21/slim http://www.loc.gov/standards/marcxml/schema/MARC21slim.xsd"
    xmlns="http://www.loc.gov/MARC21/slim">

  <leader>01063nam a22001817a 4500</leader>
  <controlfield tag="008">140604b        xxu||||| |||| 00| 0 eng d</controlfield>
  <datafield tag="020" ind1=" " ind2=" ">
    <subfield code="a">9780521633925</subfield>
  </datafield>
  <datafield tag="050" ind1=" " ind2=" ">
    <subfield code="a">P106.Y85</subfield>
  </datafield>
  <datafield tag="100" ind1=" " ind2=" ">
    <subfield code="a">Yule,George.</subfield>
  </datafield>
  <datafield tag="245" ind1=" " ind2=" ">
    <subfield code="a">The study of Language./</subfield>
    <subfield code="c">George Yule.</subfield>
  </datafield>
  <datafield tag="250" ind1=" " ind2=" ">
    <subfield code="a">2nd ed.</subfield>
  </datafield>
  <datafield tag="260" ind1=" " ind2=" ">
    <subfield code="a">NewYork:</subfield>
    <subfield code="b">Cambridge,</subfield>
    <subfield code="c">1996.</subfield>
  </datafield>
  <datafield tag="300" ind1=" " ind2=" ">
    <subfield code="a">294p;</subfield>
    <subfield code="b">ills.</subfield>
    <subfield code="c">21cm.</subfield>
  </datafield>
  <datafield tag="500" ind1=" " ind2=" ">
    <subfield code="a">Includes biographical references and index.</subfield>
  </datafield>
  <datafield tag="505" ind1=" " ind2=" ">
    <subfield code="a">Contents:-- The Origins of Language -- The Development of Writing -- The Properties of Language -- animals and Human languages -- The sounds of Language -- The sound patterns of Language -- Words and word-formation processes --  Morphology -- Phrases and Sentences :grammar -- Syntax -- Semantics -- Pragmatics -- Discourse analysis -- language  and Machines -- Language and the brain -- First language acquisition -- Second language acquisition/learning -- sign language -- Language history and Change -- Language varieties -- Language, society and culture -- Appendix.</subfield>
  </datafield>
  <datafield tag="650" ind1=" " ind2=" ">
    <subfield code="a">Languages and Linguistics.</subfield>
  </datafield>
  <datafield tag="942" ind1=" " ind2=" ">
    <subfield code="2">lcc</subfield>
    <subfield code="c">BK</subfield>
  </datafield>
  <datafield tag="999" ind1=" " ind2=" ">
    <subfield code="c">2961</subfield>
    <subfield code="d">10461</subfield>
  </datafield>
  <datafield tag="952" ind1=" " ind2=" ">
    <subfield code="0">0</subfield>
    <subfield code="1">0</subfield>
    <subfield code="2">lcc</subfield>
    <subfield code="4">0</subfield>
    <subfield code="7">0</subfield>
    <subfield code="a">WIUC-1</subfield>
    <subfield code="b">WIUC-1</subfield>
    <subfield code="c">REF</subfield>
    <subfield code="d">2014-06-04</subfield>
    <subfield code="l">0</subfield>
    <subfield code="o">P106.Y85</subfield>
    <subfield code="p">7293/318/13</subfield>
    <subfield code="r">2014-06-04 00:00:00</subfield>
    <subfield code="t">1</subfield>
    <subfield code="w">2014-06-04</subfield>
    <subfield code="y">BK</subfield>
  </datafield>
  <datafield tag="952" ind1=" " ind2=" ">
    <subfield code="0">0</subfield>
    <subfield code="1">0</subfield>
    <subfield code="2">lcc</subfield>
    <subfield code="4">0</subfield>
    <subfield code="7">0</subfield>
    <subfield code="a">WIUC-1</subfield>
    <subfield code="b">WIUC-1</subfield>
    <subfield code="c">REF</subfield>
    <subfield code="d">2014-06-04</subfield>
    <subfield code="l">0</subfield>
    <subfield code="o">P106.Y851</subfield>
    <subfield code="p">7294/319/13</subfield>
    <subfield code="r">2014-06-04 00:00:00</subfield>
    <subfield code="t">2</subfield>
    <subfield code="w">2014-06-04</subfield>
    <subfield code="y">BK</subfield>
  </datafield>
  <datafield tag="952" ind1=" " ind2=" ">
    <subfield code="0">0</subfield>
    <subfield code="1">0</subfield>
    <subfield code="2">lcc</subfield>
    <subfield code="4">0</subfield>
    <subfield code="7">0</subfield>
    <subfield code="a">WIUC-1</subfield>
    <subfield code="b">WIUC-1</subfield>
    <subfield code="c">REF</subfield>
    <subfield code="d">2014-06-04</subfield>
    <subfield code="l">0</subfield>
    <subfield code="o">P106.Y852</subfield>
    <subfield code="p">7295/320/13</subfield>
    <subfield code="r">2014-06-04 00:00:00</subfield>
    <subfield code="t">3</subfield>
    <subfield code="w">2014-06-04</subfield>
    <subfield code="y">BK</subfield>
  </datafield>
</record>
